ՀՀ Գիտությունների ազգային ակադեմիայի հիմնարար գիտական գրադարան  =   Fundamental Scientific Library of NAS RA

Октябрьская революция и развитие ее идей в деятельности КПСС по перестройке советского общества (1917-1990 гг. ) : (Record no. 171735)

MARC details
000 -LEADER
fixed length control field 01590nam a2200205 u 4500
001 - CONTROL NUMBER
control field 000469976
003 - CONTROL NUMBER IDENTIFIER
control field AM-YeHGA
005 - DATE AND TIME OF LATEST TRANSACTION
control field 20250617133825.0
008 - FIXED-LENGTH DATA ELEMENTS--GENERAL INFORMATION
fixed length control field 051228s1989 ||| r 000 0 rus d
040 ## - CATALOGING SOURCE
Original cataloging agency AM-YeHGA
041 0# - LANGUAGE CODE
Language code of text/sound track or separate title rus
090 ## - LOCALLY ASSIGNED LC-TYPE CALL NUMBER (OCLC); LOCAL CALL NUMBER (RLIN)
-- 173173
245 00 - TITLE STATEMENT
Title Октябрьская революция и развитие ее идей в деятельности КПСС по перестройке советского общества (1917-1990 гг. ) :
Remainder of title Тез. докл. науч. конф. : 6-9 окт. 1989 г. г. Суздаль) : [В 2 ч.] /
Statement of responsibility, etc. Редкол.: Г.П. Анинин (отв. ред.) и др.
260 ## - PUBLICATION, DISTRIBUTION, ETC.
Place of publication, distribution, etc. Владимир :
Name of publisher, distributor, etc. ВГПИ,
Date of publication, distribution, etc. 1989.
300 ## - PHYSICAL DESCRIPTION
Extent 2 ч.
505 0# - FORMATTED CONTENTS NOTE
Miscellaneous information Ч. 1 (198 с.)
-- Ч. 2 (С. 199-402)
550 ## - ISSUING BODY NOTE
Issuing body note Гос. ком. СССР по нар. образованию. Пробл. советы М-ва высш. и сред. спец. образования РСФСР; "КПСС - вдохновитель и организатор победы Великой Октябрьской революции", "Ист. опыт борьбы Ком. партии за массы с непролетар. партиями, группами и течениями", "Деятельность КПСС по развитию и осуществлению ленинских принципов идеол. работы"; Владимир. гос. пед. ин-т им. П.И. Лебедева-Полянского
653 0# - INDEX TERM--UNCONTROLLED
Uncontrolled term КПСС - История - Тезисы докладов
700 1# - ADDED ENTRY--PERSONAL NAME
Personal name Анинин, Г.П.
Relator term ред.
Relationship edt
Holdings
Withdrawn status Lost status Damaged status Not for loan Collection Home library Current library Date acquired Serial enumeration / chronology Total checkouts Full call number Barcode Date last seen Price effective from Koha item type Public note
        General Fundamental Scientific Library Fundamental Scientific Library 28/12/2016 Ч. 1   3КП1(063) 120611683 28/12/2016 28/12/2016 Գրքեր / Books 30 Days Loan
        General Fundamental Scientific Library Fundamental Scientific Library 28/12/2016 Ч. 2   3КП1(063) 120611684 28/12/2016 28/12/2016 Գրքեր / Books 30 Days Loan


ՀՀ ԳԱԱ հիմնարար գիտական գրադարան
ՀՀ,Երևան 0019
Մարշալ Բաղրամյան 24/6
հեռախոս:(374-10) 52-47-50
Հետադարձ կապ

All site content, except where otherwise noted, is licensed under a
Creative Commons License